000 00393pam a2200145a 44500
008 230405s2015 xxu||||| |||| 00| 0 eng d
041 _aMAR
100 _aए.आर. हरी
245 _aपाणी एक अदभूत उपचारपद्धती
250 _a2015
260 _aKolhapur
_bMehta Book Publications
_c2015
300 _a106
690 _aCOC
906 _a18280
999 _c308778
_d308778